| 000 | 01090cam a22003378i 4500 | ||
|---|---|---|---|
| 001 | 18817876 | ||
| 003 | OSt | ||
| 005 | 20210924161800.0 | ||
| 008 | 151015s2016 flu b 001 0 eng | ||
| 010 | _a 2015039863 | ||
| 020 | _a9781466577640 (hardcover : alk. paper) | ||
| 038 | _akhadija | ||
| 040 |
_aDLC _beng _cDLC _erda |
||
| 042 | _apcc | ||
| 050 | 0 | 0 |
_aTJ243 _b.K544 2016 |
| 082 | 0 | 0 |
_a620 _223 _bKLE |
| 100 | 1 |
_aKlebanov, Boris M., _eauthor. _982771 |
|
| 245 | 1 | 0 |
_aPower Mechanisms of Rotational and Cyclic Motions / _cBoris M. Klebanov and Morel Groper. |
| 263 | _a1111 | ||
| 300 | _apages cm | ||
| 504 | _aIncludes bibliographical references and index. | ||
| 563 | _ahardcover | ||
| 650 | 0 |
_aMachine parts. _941965 |
|
| 650 | 0 |
_aRotational motion. _982772 |
|
| 650 | 0 |
_aMachine design. _918984 |
|
| 650 | 0 |
_aPower (Mechanics) _982773 |
|
| 700 | 1 |
_aGroper, Morel, _eauthor. _982774 |
|
| 906 |
_a0 _bvip _corignew _d1 _eecip _f20 _gy-gencatlg |
||
| 942 |
_2ddc _cBK |
||
| 999 |
_c33980 _d33980 |
||